| 000 | 00780nam a2200217Ia 4500 | ||
|---|---|---|---|
| 003 | GCL | ||
| 008 | 140319s9999 xx 000 0 ara d | ||
| 040 |
_aGCL / _cGCL |
||
| 082 | 0 | 4 |
_a245.8 _bغ ا |
| 100 | 1 | _aعلى ابوملحم (تقديم وتعليق) | |
| 245 | 1 | 0 |
_aالاقتصاد فى الاعتقاد / _cعلى ابوملحم (تقديم وتعليق) |
| 700 | 1 | _aالغزالى : حجة الاسلام ابو حامد محمد بن محمد بن محمد بن احمد الطوسى | |
| 260 |
_a[S.N] : _bدار مكتبةالهلال ، _c1993 |
||
| 300 | _a287 ص | ||
| 490 | _a | ||
| 650 | 0 | 4 | _aالعقائد |
| 650 | 0 | 4 | _aالاقتصاد الاسلامى |
| 650 | 0 | 4 | _aالفرق الاسلامية |
| 650 | 0 | 4 | _aعلم الكلام |
| 942 |
_2ddc _cBK |
||
| 999 |
_c27750 _d27750 |
||